书目信息 |
| 题名: |
日本语能力测试考前题库
|
|
| 作者: | 铃川佳世子 , 铃川佳世子 编著 | |
| 分册: | 语法4级 | |
| 出版信息: | 广州 广东世界图书出版公司 2000.11 |
|
| 页数: | 188页 | |
| 开本: | 21cm | |
| 丛书名: | ||
| 单 册: | ||
| 中图分类: | H360.42 | |
| 科图分类: | ||
| 主题词: | 日语--水平考试--问题集 | |
| 电子资源: | ||
| ISBN: | 7-5062-4876-X | |
| 000 | 00964nam0 2200265 450 | |
| 001 | 0149423062 | |
| 005 | 20050820095938.59 | |
| 010 | @a7-5062-4876-X@d10.00CNY | |
| 100 | @a20050416d2000 km y0chiy0120 ea | |
| 101 | 0 | @achi@ajpn |
| 102 | @aCN@b440000 | |
| 105 | @ay z 000yy | |
| 200 | 1 | @a日本语能力测试考前题库@Ari ben yu neng li ce shi kao qian ti ku@f(日)铃川佳世子主编@F(ri)ling chuan jia shi zi zhu bian@i语法4级 |
| 210 | @a广州@c广东世界图书出版公司@d2000.11 | |
| 215 | @a188页@d21cm | |
| 300 | @a模拟试题共15套, 附解答 | |
| 314 | @a版权页题 : 编著铃川佳世子 | |
| 330 | @a本书为日语能力测试4级语法部分的模拟试题及解答、解说。共选编了15套模拟试题,所有题目的难易程度均相同。 | |
| 517 | 1 | @a语法4级@Ayu fa 4 ji |
| 606 | 0 | @a日语@x水平考试@j问题集 |
| 690 | @aH360.42@v4 | |
| 701 | 0 | @a铃川佳世子@Aling chuan jia shi zi@4编著 |
| 701 | 0 | @a铃川佳世子@Aling chuan jia shi zi@4主编 |
| 801 | 0 | @aCN@bQSSK@c20050820 |
| 905 | @a10447@dH360.42@eL561 | |
| 日本语能力测试考前题库/(日)铃川佳世子主编.语法4级.-广州:广东世界图书出版公司,2000.11 |
| 188页;21cm |
| 模拟试题共15套, 附解答 |
| ISBN 7-5062-4876-X:10.00CNY |
| 本书为日语能力测试4级语法部分的模拟试题及解答、解说。共选编了15套模拟试题,所有题目的难易程度均相同。 |
| ● |
| 相关链接 |
|
|
|
正题名:日本语能力测试考前题库
索取号:H360.42/L561
 
预约/预借
| 序号 | 登录号 | 条形码 | 馆藏地/架位号 | 状态 | 备注 |
| 1 | 562446 | 205624467 | 自科二线504/504自科库 45排2列4层/ [索取号:H360.42/L561] | 在馆 | |
| 2 | 562447 | 205624476 | 语言库209/209语言库 126排2列2层/ [索取号:H360.42/L561] | 在馆 | |
| 3 | 562448 | 205624485 | 语言库209/209语言库 126排2列2层/ [索取号:H360.42/L561] | 在馆 |